Catálogo público

Control hormonal del desarrollo de las plantas : (Record no. 200357)

MARC details
000 -CABECERA
campo de control de longitud fija 00909nam a2200301Ia 4500
001 - NÚMERO DE CONTROL
campo de control Para_1739
003 - IDENTIFICADOR DEL NÚMERO DE CONTROL
campo de control CHAP
008 - DATOS DE LONGITUD FIJA--INFORMACIÓN GENERAL
campo de control de longitud fija 220125s1993 xx 000 0 und d
010 ## - NÚMERO DE CONTROL DE LA BIBLIOTECA DEL CONGRESO
Número de control de LC 200357
040 ## - FUENTE DE LA CATALOGACIÓN
Centro/agencia transcriptor CHAP
082 ## - NÚMERO DE LA CLASIFICACIÓN DECIMAL DEWEY
Número de clasificación PA 581.1 R6
100 ## - ENTRADA PRINCIPAL--NOMBRE DE PERSONA
Nombre de persona Rojas Garcidueñas, Manuel
9 (RLIN) 99305
245 ## - MENCIÓN DE TÍTULO
Título Control hormonal del desarrollo de las plantas :
Resto del título fisiología-tecnología-experimentación /
Mención de responsabilidad, etc. por Manuel Rojas Garcidueños y Homero Ramírez
250 ## - MENCIÓN DE EDICIÓN
Mención de edición 2
260 ## - PUBLICACIÓN, DISTRIBUCIÓN, ETC.
Lugar de publicación, distribución, etc. México :
Nombre del editor, distribuidor, etc. Limusa
300 ## - DESCRIPCIÓN FÍSICA
Extensión 263 p.
650 ## - PUNTO DE ACCESO ADICIONAL DE MATERIA--TÉRMINO DE MATERIA
Término de materia o nombre geográfico como elemento de entrada Agricultura
Subdivisión general innovaciones tecnológicas
9 (RLIN) 1565
650 ## - PUNTO DE ACCESO ADICIONAL DE MATERIA--TÉRMINO DE MATERIA
Término de materia o nombre geográfico como elemento de entrada Fisiología vegetal
9 (RLIN) 41136
650 ## - PUNTO DE ACCESO ADICIONAL DE MATERIA--TÉRMINO DE MATERIA
Término de materia o nombre geográfico como elemento de entrada Plantas
Subdivisión general crecimiento
9 (RLIN) 88803
700 ## - PUNTO DE ACCESO ADICIONAL--NOMBRE DE PERSONA
Nombre de persona Ramírez, Homero
9 (RLIN) 94356
901 ## - ELEMENTOS DE DATOS A LOCAL LDA (RLIN)
a PA 581.1 R6
902 ## - ELEMENTOS DE DATOS B LOCAL, LDB (RLIN)
a A
905 ## - ELEMENTOS DE DATOS E LOCAL, LDE (RLIN)
a 0000001993 i 0000000000 00
910 ## - DATOS DE OPCIÓN DEL USUARIO (OCLC)
Datos de opción del usuario 1993
942 ## - ELEMENTOS DE PUNTO DE ACCESO ADICIONAL (KOHA)
Tipo de ítem Koha Parasitologia_
942 ## - ELEMENTOS DE PUNTO DE ACCESO ADICIONAL (KOHA)
Tipo de ítem Koha Parasitologia_
-- 1
Holdings
Estado de retiro Estado de pérdida Fuente del sistema de clasificación o colocación Estado dañado Restricciones de uso No para préstamo Código de colección Localización permanente Ubicación/localización actual Fecha de adquisición Información codificada de la localización en otra ubicación Número de inventario Total de préstamos Signatura topográfica completa Código de barras Fecha visto por última vez Número de copia Precio válido a partir de Tipo de ítem Koha Nota pública
    Dewey Decimal Classification   Préstamo 3 días   General Parasitologia Agricola Parasitologia Agricola 06/02/2015 PARA (PA_010018) (No. UACh C/E)   PA 581.1 R6 4102000443 25/01/2022 Ej.3 25/01/2022 Libro 3
    Dewey Decimal Classification   Préstamo interno   General Parasitologia Agricola Parasitologia Agricola 27/10/2005 PARA PA_7406) (No. UACh C/E)   PA 581.1 R6 4102000441 25/01/2022 Ej.1 25/01/2022 Libro 3
    Dewey Decimal Classification   Préstamo 3 días   General Parasitologia Agricola Parasitologia Agricola 27/10/2005 PARA (PA_5428) (No. UACh C/E)   PA 581.1 R6 4102000442 25/01/2022 Ej.2 25/01/2022 Libro 3